00301nam a2200109Ia 4500008004100000041000800041082001400049100003400063245004000097260003500137300001900172241028s9999 xx 000 0 und d aeng a658.8 BOO aLouis E Boone | David L Kurtz aContemporary Marketing With Mindtap bCengage IndiaaNew Delhic2019 a399;. P. 28 Cm